000 00297nam a2200121Ia 4500
008 220204s9999 xx 000 0 und d
082 _a82-12
_bROB
245 0 _aFaber book of modern verse
250 _aEd.3
260 _aLondon
_bFaber and Faber
_c1936
700 _aRoberts, Michael
942 _cBK
999 _c33226
_d33226